[Event "Württ. Meisterturnier"]
[Site "Plochingen"]
[Date "2017.08.31"]
[Round "6.4"]
[White "Neyman, Igor"]
[Black "Szczep, Zbigniew"]
[Result "1-0"]
[WhiteElo "2323"]
[BlackElo "2238"]
[Annotator "Schach"]
[PlyCount "67"]
[EventDate "2017.??.??"]
[WhiteTeam "Stuttgarter SF"]
[BlackTeam "SV Weingarten"]

1. Nf3 d5 2. c4 c6 3. e3 Nf6 4. Nc3 e6 5. b3 Nbd7 6. Bb2 Bd6 7. Qc2 O-O 8. Be2
Re8 9. O-O a6 10. d4 b5 11. Rfd1 b4 12. Na4 Ne4 13. Ne5 (13. Bd3) 13... f6 14.
Nxd7 (14. Nxc6 Qc7 15. cxd5 Bxh2+ 16. Kf1 Nxf2 17. Ne7+ Rxe7 18. Qxc7 Bxc7 19.
Kxf2 exd5 20. Rac1) 14... Bxd7 15. f3 Ng5 16. Bd3 e5 17. dxe5 fxe5 18. e4 (18.
Be2) 18... d4 19. c5 Bc7 20. Bc1 Ne6 21. Bc4 Kh8 22. Bd2 a5 23. a3 bxa3 24.
Rxa3 Qe7 25. Bd3 Reb8 26. Rda1 Ra7 27. Nb6 Nxc5 28. Nxd7 Nxd7 29. Qxc6 Nc5 30.
Bc4 (30. b4) 30... Bd6 $4 31. Rxa5 Rxa5 32. Rxa5 Nxb3 33. Bxb3 Rxb3 34. Ra8+
1-0

[Event "Württ. Meisterturnier"]
[Site "Plochingen"]
[Date "2017.08.31"]
[Round "6.5"]
[White "Fischer, Sebastian"]
[Black "Zuferi, Enis"]
[Result "1-0"]
[WhiteElo "2219"]
[BlackElo "2278"]
[PlyCount "65"]
[EventDate "2017.??.??"]
[WhiteTeam "TSV Schönaich"]
[BlackTeam "Heilbronner SV"]

1. d4 Nf6 2. Nf3 g6 3. Bg5 Bg7 4. c3 O-O 5. Nbd2 d6 6. e4 Nbd7 7. Bc4 Qe8 8. e5
dxe5 9. dxe5 Ng4 10. e6 Nde5 11. exf7+ Nxf7 12. h3 Nf6 13. Ne5 e6 14. Bxf6 Nxe5
15. Bxg7 Kxg7 16. Qe2 Nxc4 17. Nxc4 Bd7 18. Qe5+ Kg8 19. Ne3 Qe7 20. O-O Bc6
21. Rad1 Rae8 22. Rfe1 b6 23. Rd4 Bb7 24. Red1 Qf6 25. Qxf6 Rxf6 26. Ng4 Rff8
27. Rd7 Rc8 28. c4 b5 29. Re7 Rf4 30. Rdd7 Bc6 31. Rxc7 Rxc7 32. Rxc7 Rxc4 33.
Ne5 1-0

[Event "Württ. Meisterturnier"]
[Site "Plochingen"]
[Date "2017.08.31"]
[Round "6.7"]
[White "Beyer, Christian"]
[Black "Pogan, Nikolas"]
[Result "1-0"]
[WhiteElo "2256"]
[BlackElo "2310"]
[PlyCount "63"]
[EventDate "2017.??.??"]
[WhiteTeam "SC Feuerbach"]
[BlackTeam "Heilbronner SV"]

1. e4 c6 2. d4 d5 3. exd5 cxd5 4. c4 Nf6 5. Nc3 e6 6. Nf3 Be7 7. cxd5 Nxd5 8.
Bc4 Nxc3 9. bxc3 Qc7 10. Qd3 Nd7 11. O-O O-O 12. Bb3 b6 13. Re1 Re8 14. h4 Nf6
15. Ne5 Bb7 16. Nxf7 Kxf7 17. Rxe6 Kf8 18. Rxf6+ Bxf6 19. Ba3+ Re7 20. Qxh7 Ke8
21. Qg8+ Kd7 22. Ba4+ Bc6 23. Qd5+ Kc8 24. Qxc6 Qxc6 25. Bxc6 Rb8 26. Bxe7 Bxe7
27. g3 Kc7 28. Be4 Kd6 29. Kf1 Rc8 30. Rc1 Bf6 31. Rc2 Re8 32. f3 1-0

[Event "Württ. Meisterturnier"]
[Site "Plochingen"]
[Date "2017.08.31"]
[Round "6.8"]
[White "Maisch, Julian"]
[Black "Maj, Kornel"]
[Result "1-0"]
[WhiteElo "2149"]
[BlackElo "2143"]
[PlyCount "105"]
[EventDate "2017.??.??"]
[WhiteTeam "SF Kornwestheim"]
[BlackTeam "Stuttgarter SF"]

1. e4 e5 2. Nf3 Nc6 3. Bb5 a6 4. Ba4 Nf6 5. O-O Be7 6. d3 b5 7. Bb3 O-O 8. a3
d6 9. Nc3 Bb7 10. Ne2 Na5 11. Ba2 c5 12. Ng3 Bc8 13. c3 Be6 14. b4 Bxa2 15.
Rxa2 Nc6 16. Bd2 d5 17. Qc2 Qd7 18. Bg5 dxe4 19. dxe4 h6 20. Bxf6 Bxf6 21. Qe2
Qe6 22. h3 Rfd8 23. Nh2 Rd7 24. a4 bxa4 25. bxc5 Qb3 26. Rfa1 Qxc3 27. Qg4 Rad8
28. Nh5 Bg5 29. h4 f5 30. exf5 Rd4 31. f4 Rxf4 32. Nxf4 Qxc5+ 33. Kh1 Bxf4 34.
f6 Qf8 35. Qe6+ Qf7 36. Qxf7+ Kxf7 37. fxg7 Kxg7 38. Rxa4 a5 39. g3 Be3 40. Rf1
Rd6 41. Rg4+ Rg6 42. Rxg6+ Kxg6 43. Ng4 Bd2 44. Rf6+ Kh5 45. Nf2 Nd4 46. Kg2
Ne2 47. Rf5+ Kg6 48. Rxe5 Nc1 49. g4 a4 50. Re6+ Kf7 51. Ra6 Ne2 52. Rxa4 Kf6
53. Ra2 1-0

[Event "Württ. Meisterturnier"]
[Site "Plochingen"]
[Date "2017.08.31"]
[Round "6.9"]
[White "Engelhart, Achim"]
[Black "Schaffert, Walter"]
[Result "1/2-1/2"]
[WhiteElo "2136"]
[BlackElo "2111"]
[PlyCount "76"]
[EventDate "2017.??.??"]
[WhiteTeam "SV Jedesheim"]
[BlackTeam "SG Ludwigsburg"]

1. e4 d5 2. exd5 Qxd5 3. Nc3 Qd6 4. d4 Nf6 5. Nf3 a6 6. Bd3 Bg4 7. O-O Nc6 8.
Ne4 Nxe4 9. Bxe4 O-O-O 10. c3 f5 11. Bxc6 Qxc6 12. Ne5 Bxd1 13. Nxc6 bxc6 14.
Rxd1 h6 15. Bf4 e6 16. Be5 Rg8 17. b4 Bd6 18. Re1 Bxe5 19. Rxe5 Rd6 20. Rae1
Kd7 21. Kf1 Rb8 22. Ke2 Rd5 23. Kd3 Rd6 24. Kc4 Rb5 25. R1e3 Rb8 26. Ra5 Ra8
27. Rg3 g5 28. Rh3 Rd5 29. Ra4 e5 30. Rxh6 e4 31. Kb3 f4 32. Kc2 Re8 33. Rxa6
e3 34. fxe3 fxe3 35. Rh7+ Kd6 36. Rh6+ Kd7 37. Rh7+ Kd6 38. Rh6+ Kd7 1/2-1/2

[Event "Württ. Meisterturnier"]
[Site "Plochingen"]
[Date "2017.08.31"]
[Round "6.10"]
[White "Wolf, Rainer"]
[Black "Bauer, Eckart"]
[Result "1/2-1/2"]
[WhiteElo "2002"]
[BlackElo "2112"]
[PlyCount "109"]
[EventDate "2017.??.??"]
[WhiteTeam "SC Weiße Dame Ulm"]
[BlackTeam "SF Plochingen"]

1. Nf3 c5 2. e3 Nf6 3. Be2 b6 4. O-O Bb7 5. d4 e6 6. c4 d6 7. Nc3 Be7 8. a3 O-O
9. b4 d5 10. bxc5 bxc5 11. Qb3 Ba6 12. cxd5 Bxe2 13. Nxe2 Qxd5 14. Qxd5 Nxd5
15. e4 Nb6 16. dxc5 Bxc5 17. Bf4 f6 18. Rfc1 Na6 19. a4 e5 20. Bd2 Rac8 21. a5
Nd7 22. Nc3 Rc6 23. Nd5 Rf7 24. Nb4 Nxb4 25. Bxb4 Rf8 26. Rc3 Rb8 27. Bxc5 Rxc5
28. Rxc5 Nxc5 29. Nd2 Rb2 30. Nc4 Rb4 31. Nd6 a6 32. f3 Nb3 33. Rb1 Kf8 34. Nc4
Rxc4 35. Rxb3 Ra4 36. Rb7 Rxa5 37. Ra7 Ra2 38. h4 h5 39. Kh2 Kg8 40. Kg3 Kh7
41. Kh3 Ra3 42. Kh2 Kh6 43. Kg3 g5 44. hxg5+ Kxg5 45. Rg7+ Kh6 46. Ra7 Ra1 47.
Ra8 a5 48. Rf8 Kg6 49. Rg8+ Kf7 50. Ra8 a4 51. Kh4 Kg6 52. Rg8+ Kh6 53. Rh8+
Kg7 54. Ra8 Rh1+ 55. Kg3 1/2-1/2

[Event "Württ. Meisterturnier"]
[Site "Plochingen"]
[Date "2017.08.31"]
[Round "6.11"]
[White "Gabriel, Josef"]
[Black "Reindl, Arno"]
[Result "1-0"]
[WhiteElo "2091"]
[BlackElo "2083"]
[PlyCount "85"]
[EventDate "2017.??.??"]
[WhiteTeam "Stuttgarter SF"]
[BlackTeam "SG Schwäbisch Gmünd"]

1. e4 c5 2. Nf3 d6 3. Bb5+ Bd7 4. a4 Nc6 5. O-O g6 6. Re1 Bg7 7. c3 Nf6 8. d4
a6 9. Bxc6 Bxc6 10. d5 Bd7 11. a5 O-O 12. Nbd2 Rb8 13. Nc4 Bb5 14. Qb3 Nd7 15.
Bg5 Bxc4 16. Qxc4 f6 17. Bf4 b5 18. Qe2 Ne5 19. Bxe5 dxe5 20. Red1 Qd6 21. h4
e6 22. h5 f5 23. hxg6 hxg6 24. Ng5 exd5 25. Rxd5 Qe7 26. Nf3 Rbd8 27. Rad1 Rxd5
28. Rxd5 Rd8 29. Qd2 Rxd5 30. Qxd5+ Kh7 31. Qc6 Qd8 32. Kh2 fxe4 33. Qxe4 Qf6
34. g3 Qf5 35. Qd5 c4 36. Kg2 Qf6 37. Nd2 Qg5 38. Ne4 Qc1 39. Qd7 Kh8 40. Qc8+
Kh7 41. Qxa6 Qxb2 42. Qb7 b4 43. Qxb4 1-0

[Event "Württ. Meisterturnier"]
[Site "Plochingen"]
[Date "2017.08.31"]
[Round "6.12"]
[White "Jaeschke, Armin"]
[Black "Streiter, Manfred"]
[Result "1/2-1/2"]
[WhiteElo "2082"]
[BlackElo "1932"]
[PlyCount "47"]
[EventDate "2017.??.??"]
[WhiteTeam "SC Ostfildern"]
[BlackTeam "SGem Vaihingen-Rohr"]

1. g3 c5 2. Bg2 g6 3. e4 Bg7 4. d3 Nc6 5. f4 d6 6. Nf3 Bg4 7. c3 Qc7 8. h3 Bxf3
9. Qxf3 e6 10. O-O Nge7 11. Be3 O-O 12. Nd2 b6 13. g4 f5 14. Rae1 d5 15. gxf5
d4 16. cxd4 Nxd4 17. Qd1 exf5 18. e5 Rad8 19. Nc4 Nc8 20. a4 Qd7 21. Rf2 Ne6
22. Rd2 Bh6

[Event "Württemberg Championship - Masters"]
[Site "chess24.com"]
[Date "2017.08.31"]
[Round "6.1"]
[White "Kvetny, Mark"]
[Black "Gheng, Josef"]
[Result "1-0"]
[WhiteElo "2406"]
[BlackElo "2352"]
[PlyCount "141"]
[EventDate "2017.??.??"]
[WhiteTeam "Deutschland"]
[BlackTeam "Deutschland"]
[WhiteTeamCountry "GER"]
[BlackTeamCountry "GER"]
[WhiteClock "0:06:00"]
[BlackClock "0:01:58"]

1. c4 Nf6 2. Nc3 e5 3. Nf3 d6 4. d4 Nbd7 5. e4 Be7 6. Be2 O-O 7. O-O Re8 8. Qc2
c6 9. Rd1 Qc7 10. Rb1 a6 11. b4 Nf8 12. h3 Ng6 13. Be3 exd4 14. Bxd4 Nd7 15.
Qd2 Nde5 16. c5 a5 17. a3 axb4 18. axb4 dxc5 19. bxc5 Nd7 20. Qb2 Bf8 21. Ng5
Nxc5 22. Bc4 Nh8 23. e5 b5 24. Qc2 g6 25. Nce4 Nxe4 26. Nxe4 Bg7 27. Bxb5 Bd7
28. Qc3 Qa5 29. Qxa5 Rxa5 30. Bc4 Bf5 31. Re1 Bxe4 32. Rxe4 Bxe5 33. Rbe1 Bxd4
34. Rxe8+ Kg7 35. Rc8 Rf5 36. Ree8 Rxf2 37. Kh2 Rc2 38. Bd3 Rc3 39. Bf1 Rc1 40.
Bd3 Rc3 41. Ba6 Kh6 42. Rxh8 Be5+ 43. Kg1 Bd4+ 44. Kf1 Bxh8 45. Rxh8 Ra3 46.
Bb7 c5 47. Rc8 Ra5 48. Bd5 Ra7 49. Rxc5 Re7 50. Rb5 Re5 51. Bc6 Re6 52. Bf3 Kg7
53. g4 h6 54. Kg2 f5 55. gxf5 gxf5 56. Rxf5 Rg6+ 57. Kf2 Rb6 58. h4 Rf6 59. Rb5
Rf7 60. Ke3 Ra7 61. Be4 Rc7 62. Rb6 Rf7 63. Rg6+ Kh7 64. Kd4 Rf8 65. Ke5 Rf7
66. h5 Rf8 67. Rd6+ Kg7 68. Bg6 Ra8 69. Rd7+ Kg8 70. Bf7+ Kf8 71. Ke4 1-0

[Event "Württemberg Championship - Masters"]
[Site "chess24.com"]
[Date "2017.08.31"]
[Round "6.2"]
[White "Hirneise, Jens"]
[Black "Kabisch, Thilo"]
[Result "1-0"]
[WhiteElo "2350"]
[BlackElo "2268"]
[PlyCount "117"]
[EventDate "2017.??.??"]
[WhiteTeam "Deutschland"]
[BlackTeam "Deutschland"]
[WhiteTeamCountry "GER"]
[BlackTeamCountry "GER"]
[WhiteClock "0:09:19"]
[BlackClock "0:03:19"]

1. e4 e6 2. d4 d5 3. Nc3 Nf6 4. Bg5 dxe4 5. Nxe4 Nbd7 6. Nxf6+ gxf6 7. Bf4 Bd6
8. Bxd6 cxd6 9. Qd2 d5 10. Ne2 f5 11. Nf4 Nf6 12. f3 Bd7 13. O-O-O h5 14. Re1
Qb6 15. Re3 a6 16. Be2 Rg8 17. Re1 Qd6 18. Bf1 b5 19. Re5 Kf8 20. Nd3 Rg6 21.
Qf4 Qb6 22. Qh4 Qd8 23. R5e3 Ng8 24. Qf4 Be8 25. g3 Rc8 26. Nc5 a5 27. Bd3 Ne7
28. Qh4 Ng8 29. Qxd8 Rxd8 30. Nb7 Ra8 31. Nd6 f4 32. Bxg6 fxe3 33. Bd3 Rb8 34.
Nxe8 Kxe8 35. Rxe3 Nf6 36. Kd2 Ke7 37. Re5 b4 38. Re1 Kd6 39. Ra1 Nd7 40. Re1
f5 41. Ke3 Nb6 42. a3 bxa3 43. bxa3 Na4 44. h3 Rg8 45. Kf4 Nb6 46. Rb1 Kc6 47.
Rb5 a4 48. Rc5+ Kb7 49. Ra5 h4 50. g4 fxg4 51. fxg4 Nd7 52. g5 Rf8+ 53. Kg4 Rf2
54. Rxa4 Kc7 55. Kxh4 Rf4+ 56. Kg3 Rf8 57. Ra7+ Kd6 58. Bb5 Nb6 59. Rb7 1-0

[Event "Württemberg Championship - Masters"]
[Site "chess24.com"]
[Date "2017.08.31"]
[Round "6.3"]
[White "Latzke, Boris"]
[Black "Lelumees, Brait"]
[Result "1-0"]
[WhiteElo "2220"]
[BlackElo "2172"]
[PlyCount "111"]
[EventDate "2017.??.??"]
[WhiteTeam "Deutschland"]
[BlackTeam "Estland"]
[WhiteTeamCountry "GER"]
[BlackTeamCountry "EST"]
[WhiteClock "0:11:41"]
[BlackClock "0:10:59"]

1. d4 d5 2. c4 e6 3. Nc3 Be7 4. cxd5 exd5 5. Bf4 Nf6 6. e3 Bf5 7. Qb3 Nc6 8. a3
O-O 9. Nf3 Rb8 10. Be2 b5 11. Nxb5 Rb7 12. Qc3 Bd7 13. O-O Qb8 14. Nxc7 Rxc7
15. Bxc7 Qxc7 16. Ne5 Ne4 17. Qc2 Rc8 18. Nxc6 Qxc6 19. Qxc6 Rxc6 20. Bb5 Rc7
21. Bxd7 Rxd7 22. Rac1 Kf8 23. Rc8+ Bd8 24. Rfc1 Nd6 25. Rb8 Ke7 26. Kf1 h5 27.
Ke2 f5 28. Kd3 g5 29. Rc5 Ne4 30. Rc2 h4 31. f3 Nf6 32. h3 Bc7 33. Ra8 Bd6 34.
Rcc8 Rb7 35. b4 Kd7 36. Rh8 Ke6 37. Rhd8 Nd7 38. Rac8 Be7 39. Rc6+ Kf7 40. Rdc8
Nb6 41. R8c7 Rxc7 42. Rxc7 Ke6 43. Rxa7 Nc4 44. e4 fxe4+ 45. fxe4 Nb6 46. Ra6
Bd8 47. a4 dxe4+ 48. Kxe4 Kd7 49. a5 Nc8 50. Rg6 Nd6+ 51. Kd5 Nb5 52. Kc5 Nc7
53. b5 Ne6+ 54. Rxe6 Kxe6 55. a6 Be7+ 56. Kc6 1-0

[Event "Württemberg Championship - Masters"]
[Site "chess24.com"]
[Date "2017.08.31"]
[Round "6.6"]
[White "Weigand, Bernhard"]
[Black "Gustain, Marc"]
[Result "1-0"]
[WhiteElo "2187"]
[BlackElo "2132"]
[PlyCount "105"]
[EventDate "2017.??.??"]
[WhiteTeam "Deutschland"]
[BlackTeam "Deutschland"]
[WhiteTeamCountry "GER"]
[BlackTeamCountry "GER"]
[WhiteClock "0:20:04"]
[BlackClock "0:05:16"]

1. e4 c5 2. b3 g6 3. Bb2 Nf6 4. g3 Bg7 5. Bg2 d6 6. Ne2 Nc6 7. d4 cxd4 8. Nxd4
Bd7 9. O-O Nxd4 10. Bxd4 Bc6 11. Nd2 O-O 12. c4 Nd7 13. Bxg7 Kxg7 14. Re1 Nc5
15. Qc2 a5 16. a3 b6 17. b4 axb4 18. axb4 Ne6 19. Qc3+ Kg8 20. Rxa8 Bxa8 21. f4
Qc7 22. Qe3 Bb7 23. f5 Ng7 24. g4 Ra8 25. Rf1 Ra2 26. h4 f6 27. Rf2 Ra1+ 28.
Bf1 Qc6 29. Kh2 Ra2 30. Bg2 Qc7 31. Qb3 Ra1 32. Qg3 Qd7 33. Qc3 Qa4 34. b5 Qa3
35. Qf3 Qxf3 36. Bxf3 Rc1 37. Kg3 e6 38. e5 Bxf3 39. exd6 exf5 40. d7 Ne6 41.
gxf5 gxf5 42. Rxf3 Kf7 43. Rxf5 Ke7 44. Rd5 Rg1+ 45. Kf3 Rg8 46. Ne4 Rd8 47.
Nd6 Rb8 48. Nc8+ Kd8 49. Rd6 Nf8 50. Nxb6 Ke7 51. c5 Ne6 52. Nd5+ Kf7 53. c6
1-0